[Event "Sochi Tseshkovsky Memorial op"]
[Site "Sochi"]
[Date "2014.09.22"]
[Round "6"]
[White "Rozum, Ivan"]
[Black "Nedochetov, Mikhail"]
[Result "1-0"]
[WhiteElo "2552"]
[BlackElo "2261"]
[PlyCount "39"]
[EventDate "2014.09.17"]
[EventType "swiss"]
[EventRounds "9"]
[EventCountry "RUS"]
[SourceTitle "CBM 162 Extra"]
[Source "ChessBase"]
[SourceDate "2014.10.17"]
[SourceVersion "1"]
[SourceVersionDate "2014.10.17"]
[SourceQuality "1"]

1. d4 d5 2. Nf3 c6 3. e3 Nf6 4. c4 Bg4 5. h3 Bxf3 6. Qxf3 e6 7. Nc3 Nbd7 8. Bd3 Bb4 9. 0-0 0-0 10. a3 Ba5 11. b4 Bc7 12. cxd5 exd5 13. b5 Nb6 14. a4 Qd6 15. g3 Rfe8 16. a5 Nc4 17. Bxc4 dxc4 18. a6 bxa6 19. bxc6 Qb4 20. e4 1-0

[Event "EU-ch 11th"]
[Site "Rijeka"]
[Date "2010.03.16"]
[Round "10"]
[White "Nedochetov, Mikhail"]
[Black "Lazic, Dusko"]
[Result "1-0"]
[WhiteElo "2299"]
[BlackElo "2046"]
[PlyCount "79"]
[EventDate "2010.03.06"]
[EventType "swiss"]
[EventRounds "11"]
[EventCountry "CRO"]
[SourceTitle "CBM 136"]
[Source "ChessBase"]
[SourceDate "2010.05.18"]
[SourceVersion "1"]
[SourceVersionDate "2010.05.18"]
[SourceQuality "1"]

1. d4 Nf6 2. Nf3 g6 3. c4 Bg7 4. Nc3 0-0 5. Bg5 h6 6. Bh4 d6 7. e3 c6 8. Be2 Nbd7 9. Qc2 e5 10. Rd1 Qe7 11. dxe5 dxe5 12. 0-0 g5 13. Bg3 Nh5 14. Bd3 Nc5 15. Bf5 Nxg3 16. hxg3 a5 17. Bxc8 Raxc8 18. e4 Ne6 19. Ne2 h5 20. a3 Rfd8 21. Qc3 g4 22. Nh4 Nd4 23. Nxd4 exd4 24. Qxa5 Qe5 25. Qxe5 Bxe5 26. Nf5 Rd7 27. Rd3 b5 28. Rc1 Rb8 29. cxb5 Rxb5 30. b4 Rb6 31. Rc5 f6 32. Ra5 Kf7 33. f4 gxf3 34. gxf3 Rb5 35. Rxb5 cxb5 36. Kf1 Rd8 37. f4 Bb8 38. Rxd4 Rxd4 39. Nxd4 h4 40. Kg2 1-0

[Event "EU-ch 11th"]
[Site "Rijeka"]
[Date "2010.03.12"]
[Round "7"]
[White "Shytaj, Luca"]
[Black "Nedochetov, Mikhail"]
[Result "1-0"]
[WhiteElo "2472"]
[BlackElo "2299"]
[PlyCount "101"]
[EventDate "2010.03.06"]
[EventType "swiss"]
[EventRounds "11"]
[EventCountry "CRO"]
[SourceTitle "CBM 136"]
[Source "ChessBase"]
[SourceDate "2010.05.18"]
[SourceVersion "1"]
[SourceVersionDate "2010.05.18"]
[SourceQuality "1"]

1. e4 c6 2. d4 d5 3. Nc3 dxe4 4. Nxe4 Bf5 5. Ng3 Bg6 6. h4 h6 7. Nf3 Nd7 8. h5 Bh7 9. Bd3 Bxd3 10. Qxd3 Qc7 11. Bd2 Ngf6 12. 0-0-0 e6 13. Ne4 0-0-0 14. g3 Nxe4 15. Qxe4 Bd6 16. c4 Nf6 17. Qe2 c5 18. Kb1 Qc6 19. Rhe1 a6 20. Ne5 Qc7 21. Nd3 Rhe8 22. dxc5 Bxc5 23. Bf4 Bd6 24. Ne5 Bxe5 25. Bxe5 Qc6 26. g4 Qg2 27. Rxd8+ Rxd8 28. f3 Qxe2 29. Rxe2 Rd1+ 30. Kc2 Rf1 31. Re3 Ne8 32. Bc3 Rf2+ 33. Kb3 Rf1 34. Kb4 Kc7 35. a4 Rd1 36. a5 Kd7 37. Kc5 Rd6 38. Be5 Rc6+ 39. Kb4 f6 40. Rd3+ Ke7 41. Bd4 e5 42. Bc5+ Ke6 43. Rd8 Nc7 44. Rb8 b5 45. cxb5 axb5 46. Rxb5 Nxb5 47. Kxb5 Kd7 48. a6 Rc8 49. a7 Kc7 50. Ka6 Re8 51. Bb6+ 1-0

[Event "EU-ch 11th"]
[Site "Rijeka"]
[Date "2010.03.07"]
[Round "2"]
[White "Zhigalko, Andrey"]
[Black "Nedochetov, Mikhail"]
[Result "1-0"]
[WhiteElo "2587"]
[BlackElo "2299"]
[PlyCount "59"]
[EventDate "2010.03.06"]
[EventType "swiss"]
[EventRounds "11"]
[EventCountry "CRO"]
[SourceTitle "CBM 136"]
[Source "ChessBase"]
[SourceDate "2010.05.18"]
[SourceVersion "1"]
[SourceVersionDate "2010.05.18"]
[SourceQuality "1"]

1. e4 e6 2. d4 d5 3. e5 c5 4. c3 Qb6 5. Nf3 Nc6 6. Na3 cxd4 7. cxd4 Nh6 8. Nc2 Nf5 9. Bd3 Bd7 10. 0-0 Be7 11. Kh1 a5 12. g4 Nh6 13. Rg1 Ng8 14. a3 a4 15. Be3 Na5 16. Qe2 Bc6 17. Rab1 Nb3 18. Nfe1 g6 19. f4 f5 20. gxf5 exf5 21. Nf3 Bd7 22. Bf2 Be6 23. Qe1 0-0-0 24. Bh4 Kb8 25. Rd1 Rc8 26. Rg2 Na5 27. Nb4 Nb3 28. Bc2 Rc7 29. Na2 Bf8 30. Bd8 1-0

[Event "Pardubice op-B"]
[Site "Pardubice"]
[Date "2009.07.27"]
[Round "4"]
[White "Pranizin, Gennady"]
[Black "Nedochetov, Mikhail"]
[Result "1-0"]
[WhiteElo "2152"]
[BlackElo "2342"]
[PlyCount "91"]
[EventDate "2009.07.24"]
[EventType "swiss"]
[EventRounds "9"]
[EventCountry "CZE"]
[SourceTitle "CBM 131 Extra"]
[Source "ChessBase"]
[SourceDate "2009.09.03"]
[SourceVersion "2"]
[SourceVersionDate "2009.09.16"]
[SourceQuality "1"]

1. e4 e6 2. d4 d5 3. Nc3 Bb4 4. Nge2 Nc6 5. e5 f6 6. exf6 Nxf6 7. Bg5 0-0 8. Qd3 e5 9. 0-0-0 e4 10. Qb5 Bxc3 11. Nxc3 Ne7 12. f3 c6 13. Qe2 exf3 14. gxf3 b5 15. Rg1 a5 16. h4 Ra7 17. Qg2 Nf5 18. Bd3 a4 19. Ne2 b4 20. Bxf5 Bxf5 21. Ng3 Qd7 22. Nxf5 Qxf5 23. Rde1 Nh5 24. Be7 b3 25. a3 Rf7 26. Bc5 Ra8 27. Re5 Qf4+ 28. Kb1 bxc2+ 29. Qxc2 Qxf3 30. Rge1 Nf6 31. Bb4 Rc8 32. Qxa4 Qd3+ 33. Ka1 Qxd4 34. Qxc6 Rff8 35. Qe6+ Kh8 36. Bxf8 Rxf8 37. Qd6 Rg8 38. h5 h6 39. Re6 Ra8 40. Rf1 Kg8 41. Rf5 Rc8 42. Re1 Qd2 43. Qe6+ Kh7 44. Rxf6 Rb8 45. Qf5+ Kg8 46. Rb1 1-0

[Event "Pardubice Jihlavanka op-B 19th"]
[Site "Pardubice"]
[Date "2008.07.22"]
[Round "5"]
[White "Nedochetov, Mikhail"]
[Black "Savickiene, Viktorija"]
[Result "1-0"]
[WhiteElo "2354"]
[BlackElo "2012"]
[PlyCount "48"]
[EventDate "2008.07.18"]
[EventType "swiss"]
[EventRounds "9"]
[EventCountry "CZE"]
[SourceTitle "CBM 125 Extra"]
[Source "ChessBase"]
[SourceDate "2008.09.01"]
[SourceVersion "1"]
[SourceVersionDate "2008.09.01"]
[SourceQuality "1"]

1. d4 d5 2. Nf3 Nf6 3. c4 c6 4. e3 Bf5 5. Nc3 e6 6. Nh4 Bg6 7. Nxg6 hxg6 8. Bd2 Nbd7 9. Qc2 Bd6 10. g3 Ng4 11. c5 Qf6 12. f4 Bxf4 13. exf4 Qxd4 14. Bc1 Nxc5 15. Qe2 f5 16. Bd2 Kf7 17. 0-0-0 a5 18. h3 Na6 19. Bg2 Nf6 20. Rhe1 Rhe8 21. Be3 Qb4 22. Bd4 a4 23. Kb1 c5 24. Be3 Qb6 1-0

[Event "Dubai op 10th"]
[Site "Dubai"]
[Date "2008.04.08"]
[Round "3"]
[White "Nedochetov, Mikhail"]
[Black "Safarli, Eltaj"]
[Result "0-1"]
[WhiteElo "2355"]
[BlackElo "2524"]
[PlyCount "90"]
[EventDate "2008.04.06"]
[EventType "swiss"]
[EventRounds "9"]
[EventCountry "UAE"]
[SourceTitle "CBM 123 Extra"]
[Source "ChessBase"]
[SourceDate "2008.05.06"]
[SourceVersion "1"]
[SourceVersionDate "2008.05.06"]
[SourceQuality "1"]

1. d4 Nf6 2. Nf3 e6 3. c4 b6 4. g3 Ba6 5. b3 Bb7 6. Bg2 Bb4+ 7. Bd2 a5 8. Nc3 0-0 9. 0-0 d6 10. Qc2 Nbd7 11. Bg5 Bxc3 12. Bxf6 Nxf6 13. Qxc3 Re8 14. Rac1 Qe7 15. Ne1 c5 16. Nc2 Rec8 17. Bxb7 Qxb7 18. Rfd1 b5 19. cxb5 cxd4 20. Qxd4 Qxb5 21. Qxd6 Qxe2 22. Nd4 Qxa2 23. Rxc8+ Rxc8 24. Nxe6 Qxb3 25. Nd8 h5 26. Re1 h4 27. Nc6 h3 28. Ne7+ Kh7 29. Qf4 Rc5 30. Nf5 Qb4 31. Qxb4 axb4 32. Nd4 Rd5 33. Nb3 Ng4 34. Rb1 f6 35. f3 Ne5 36. Kf2 Rd3 37. f4 Ng4+ 38. Ke2 Re3+ 39. Kd2 Rf3 40. Nd4 Rf2+ 41. Kd3 Rxh2 42. Ke4 Rf2 43. Rxb4 h2 44. Rb1 Rg2 45. Nf3 Nf2+ 0-1

[Event "Dubai op 10th"]
[Site "Dubai"]
[Date "2008.04.07"]
[Round "2"]
[White "Gleizerov, Evgeny"]
[Black "Nedochetov, Mikhail"]
[Result "1/2-1/2"]
[WhiteElo "2556"]
[BlackElo "2355"]
[PlyCount "42"]
[EventDate "2008.04.06"]
[EventType "swiss"]
[EventRounds "9"]
[EventCountry "UAE"]
[SourceTitle "CBM 123 Extra"]
[Source "ChessBase"]
[SourceDate "2008.05.06"]
[SourceVersion "1"]
[SourceVersionDate "2008.05.06"]
[SourceQuality "1"]

1. d4 d5 2. c4 c6 3. Nf3 Nf6 4. Nc3 dxc4 5. a4 Bf5 6. e3 e6 7. Bxc4 Bb4 8. Ne5 Nbd7 9. Nxd7 Nxd7 10. 0-0 0-0 11. e4 Bg6 12. f3 e5 13. Be3 exd4 14. Bxd4 Qa5 15. Qe2 Kh8 16. Kh1 Rad8 17. f4 f6 18. e5 Nxe5 19. Bxe5 fxe5 20. fxe5 Be7 21. e6 Qc5 1/2-1/2

[Event "Moscow Aeroflot op-B"]
[Site "Moscow"]
[Date "2005.02.17"]
[Round "3"]
[White "Krivoshey, Sergei"]
[Black "Nedochetov, Mikhail"]
[Result "1-0"]
[WhiteElo "2487"]
[BlackElo "2405"]
[PlyCount "91"]
[EventDate "2005.02.15"]
[EventType "swiss"]
[EventRounds "9"]
[EventCountry "RUS"]
[SourceTitle "EXT 2006"]
[Source "ChessBase"]
[SourceDate "2005.11.24"]
[SourceVersion "1"]
[SourceVersionDate "2005.11.24"]
[SourceQuality "1"]

1. Nf3 d5 2. d4 Nf6 3. c4 c6 4. e3 Bg4 5. Nc3 e6 6. h3 Bxf3 7. Qxf3 Nbd7 8. Bd3 Bd6 9. 0-0 0-0 10. Rd1 Qe7 11. e4 dxc4 12. Bxc4 e5 13. d5 Nb6 14. Bb3 cxd5 15. Bxd5 Nfxd5 16. Nxd5 Nxd5 17. Rxd5 Bc5 18. Be3 Rfc8 19. Rad1 Bxe3 20. Qxe3 Rc7 21. Qg3 Rc5 22. Rd7 Qe8 23. Rxb7 Rb5 24. Rdd7 Rxb7 25. Rxb7 Qc6 26. Re7 Qc1+ 27. Kh2 Qxb2 28. Qxe5 Qxe5+ 29. Rxe5 g6 30. Ra5 Re8 31. f3 Re7 32. g4 h6 33. h4 Rc7 34. Kg3 Kg7 35. Kf4 Kf6 36. Ra6+ Kg7 37. a4 Re7 38. Ra5 Rb7 39. Ke5 Rb3 40. f4 Rb7 41. f5 gxf5 42. gxf5 h5 43. Kf4 Rc7 44. Kg5 Rc4 45. Rxa7 Rxe4 46. f6+ 1-0

[Event "Moscow Aeroflot op-B"]
[Site "Moscow"]
[Date "2004.02.20"]
[Round "4"]
[White "Nedochetov, Mikhail"]
[Black "Kostin, Konstantin"]
[Result "1/2-1/2"]
[WhiteElo "2413"]
[BlackElo "2300"]
[PlyCount "84"]
[EventDate "2004.02.17"]
[EventType "swiss"]
[EventRounds "9"]
[EventCountry "RUS"]
[SourceTitle "EXT 2005"]
[Source "ChessBase"]
[SourceDate "2004.11.15"]
[SourceVersion "1"]
[SourceVersionDate "2004.11.15"]
[SourceQuality "1"]

1. d4 Nf6 2. Nf3 g6 3. c4 Bg7 4. Nc3 0-0 5. Bg5 d6 6. e3 c6 7. Be2 a6 8. 0-0 b5 9. cxb5 axb5 10. b4 h6 11. Bh4 g5 12. Bg3 Nh5 13. a4 bxa4 14. Rxa4 Rxa4 15. Qxa4 Nxg3 16. hxg3 g4 17. Nh4 e5 18. d5 e4 19. dxc6 Bxc3 20. Rc1 Qf6 21. Qa8 Bxb4 22. Qxb8 Ba3 23. Rb1 d5 24. Qa8 Bd6 25. Qa4 Qc3 26. Bb5 Kh7 27. Qd1 Qe5 28. Qc2 Rg8 29. Be2 Be7 30. c7 Bxh4 31. gxh4 g3 32. Rf1 Rg7 33. Qc5 f5 34. Bc4 gxf2+ 35. Rxf2 Qc3 36. Qxd5 Qxe3 37. Qd8 Qc1+ 38. Rf1 Qxc4 39. Qxc8 Qc5+ 40. Kh1 Rxc7 41. Qxf5+ Qxf5 42. Rxf5 Re7 1/2-1/2

[Event "Moscow Aeroflot op-A"]
[Site "Moscow"]
[Date "2003.02.14"]
[Round "4"]
[White "Nikolaidis, Ioannis"]
[Black "Nedochetov, Mikhail"]
[Result "1/2-1/2"]
[WhiteElo "2512"]
[BlackElo "2413"]
[PlyCount "38"]
[EventDate "2003.02.10"]
[EventType "swiss"]
[EventRounds "9"]
[EventCountry "RUS"]
[SourceTitle "CBM 094"]
[Source "ChessBase"]
[SourceDate "2003.05.26"]
[SourceVersion "1"]
[SourceVersionDate "2003.05.26"]
[SourceQuality "1"]

1. d4 d5 2. c4 c6 3. Nf3 Nf6 4. cxd5 cxd5 5. Nc3 Nc6 6. Bf4 a6 7. Rc1 Qb6 8. Na4 Qa5+ 9. Bd2 Qd8 10. e3 Ne4 11. Be2 e6 12. 0-0 Nxd2 13. Qxd2 Bd6 14. Nc5 0-0 15. b4 Ne7 16. Nd3 Bd7 17. Nfe5 b6 18. Nxd7 Qxd7 19. Nb2 a5 1/2-1/2

[Event "Zeleny Shum-C"]
[Site "Zeleny Shum"]
[Date "2000.??.??"]
[Round "9"]
[White "Nedochetov, Mikhail"]
[Black "Pogonina, Natalija"]
[Result "1/2-1/2"]
[WhiteElo "2328"]
[BlackElo "2194"]
[PlyCount "121"]
[EventDate "2000.??.??"]
[EventType "tourn"]
[EventRounds "11"]
[EventCountry "RUS"]
[EventCategory "3"]
[SourceTitle "EXT 2006"]
[Source "ChessBase"]
[SourceDate "2005.11.24"]
[SourceVersion "1"]
[SourceVersionDate "2005.11.24"]
[SourceQuality "1"]

1. Nf3 Nf6 2. c4 c5 3. Nc3 d5 4. cxd5 Nxd5 5. e4 Nb4 6. Bc4 Nd3+ 7. Ke2 Nxc1+ 8. Rxc1 Nc6 9. Bb5 Bd7 10. d4 cxd4 11. Nxd4 e6 12. Nxc6 bxc6 13. Ba4 Qb6 14. Rc2 Rd8 15. Rd2 Be7 16. h4 Qc7 17. Rh3 Bc8 18. Rxd8+ Bxd8 19. Kf1 0-0 20. h5 e5 21. Re3 Bg5 22. Re1 Rd8 23. Qf3 Rd2 24. Bb3 Qd7 25. Rd1 Rxd1+ 26. Qxd1 Ba6+ 27. Ke1 Qxd1+ 28. Bxd1 Kf8 29. Be2 Bc8 30. Bc4 Ke7 31. b4 Bg4 32. Be2 Be6 33. Kd1 Kd7 34. Kc2 Be7 35. b5 Bb4 36. bxc6+ Kxc6 37. Nd5 Be1 38. f3 Kc5 39. Kd3 Ba5 40. Bd1 Bd7 41. Bb3 Bb5+ 42. Ke3 Kd6 43. g4 Be1 44. h6 gxh6 45. Nf6 Bh4 46. Nd5 Bg5+ 47. Kf2 f6 48. Nc3 Be8 49. Bg8 Kc5 50. Nd5 a5 51. Bxh7 Bb5 52. Bf5 a4 53. Nc3 Bc6 54. Be6 Kb4 55. Nd5+ Ka3 56. Nb6 Bb5 57. Nc4+ Kb4 58. Nb6 Kc3 59. Nd5+ Kb2 60. Nb6 Kc3 61. Nd5+ 1/2-1/2

[Event "RUS-Cup"]
[Site "Moscow"]
[Date "2000.??.??"]
[Round "1"]
[White "Nedochetov, Mikhail"]
[Black "Yandemirov, Valeri"]
[Result "1/2-1/2"]
[WhiteElo "2258"]
[BlackElo "2472"]
[PlyCount "127"]
[EventDate "2000.??.??"]
[EventType "swiss"]
[EventRounds "9"]
[EventCountry "RUS"]
[SourceTitle "EXT 2001"]
[Source "ChessBase"]
[SourceDate "2000.11.22"]
[SourceVersion "1"]
[SourceVersionDate "2000.11.22"]
[SourceQuality "1"]

1. Nf3 Nf6 2. c4 g6 3. Nc3 d5 4. cxd5 Nxd5 5. Qa4+ Bd7 6. Qh4 Nxc3 7. dxc3 Nc6 8. e4 e5 9. Bg5 Be7 10. Bc4 h6 11. Bxe7 Qxe7 12. Qxe7+ Kxe7 13. 0-0-0 Bg4 14. Rd3 Bxf3 15. Rxf3 Rhf8 16. Bd5 Nd8 17. Rd1 c6 18. Bb3 Rc8 19. Rfd3 Rc7 20. a3 b6 21. Ba2 Nb7 22. f3 Rd8 23. Rxd8 Nxd8 24. Kd2 Rd7+ 25. Ke2 Rxd1 26. Kxd1 Nb7 27. Ke2 Nd6 28. Ke3 g5 29. g3 f6 30. Bb3 Kd7 31. Kd3 Kc7 32. Bd1 b5 33. Bb3 c5 34. Ke3 c4 35. Bc2 Kb6 36. f4 a5 37. h4 gxh4 38. gxh4 b4 39. axb4 axb4 40. cxb4 Kb5 41. fxe5 fxe5 42. Kf3 Ne8 43. Kg4 Ng7 44. Bd1 Kxb4 45. Bc2 Kc5 46. Ba4 Kd4 47. Bb5 c3 48. bxc3+ Kxc3 49. Bd7 Kd4 50. Bc6 Kc5 51. Ba4 Kd6 52. Bb5 Ke7 53. Ba4 Kf7 54. Bb5 Kg6 55. Bd7 Kf6 56. Bc6 Ne6 57. Bd5 Nf4 58. Bc6 Ng2 59. Kg3 Ne3 60. Kf3 Nc4 61. Kg4 Nd6 62. Kh5 Kg7 63. Kg4 Kg6 64. Ba4 1/2-1/2

[Event "RUS-ch sf"]
[Site "Tula"]
[Date "1998.??.??"]
[Round "3"]
[White "Nedochetov, Mikhail"]
[Black "Shabanov, Yuri"]
[Result "1/2-1/2"]
[WhiteElo "2250"]
[BlackElo "2495"]
[PlyCount "101"]
[EventDate "1998.??.??"]
[EventType "swiss"]
[EventRounds "9"]
[EventCountry "RUS"]
[SourceTitle "EXT 2000"]
[Source "ChessBase"]
[SourceDate "1999.11.16"]
[SourceVersion "1"]
[SourceVersionDate "1999.11.16"]
[SourceQuality "1"]

1. d4 d5 2. Nf3 c6 3. c4 Nf6 4. Qc2 Bg4 5. Ne5 Bh5 6. cxd5 Nxd5 7. a3 Nb6 8. e3 N8d7 9. Nxd7 Qxd7 10. Nc3 e6 11. Bd3 Bg6 12. Bxg6 hxg6 13. Bd2 Be7 14. h3 Rc8 15. Ne4 Qd5 16. 0-0 0-0 17. Rac1 Rfd8 18. Rfd1 Qf5 19. Be1 e5 20. dxe5 Qxe5 21. Bc3 Qf5 22. Bd4 c5 23. Bc3 Nd5 24. Be1 b6 25. Ng3 Qe5 26. Ne2 Bd6 27. g3 Qe6 28. Kg2 Be5 29. e4 Nf6 30. f3 Rd7 31. Rxd7 Nxd7 32. Rd1 c4 33. Bf2 a6 34. Qd2 Nf6 35. Bd4 Bc7 36. Bxf6 Qxf6 37. Nc3 Qe5 38. f4 Qe8 39. Qe2 b5 40. Nd5 Bd6 41. Qf3 Bf8 42. h4 a5 43. Re1 b4 44. axb4 axb4 45. h5 gxh5 46. Qxh5 c3 47. bxc3 bxc3 48. Kf3 Rc4 49. Qf5 Qe6 50. Rc1 Qh6 51. Qg5 1/2-1/2